Comida que começa com L - Statistics

Estatísticas Gerais
  • Esse quiz foi jogado 143 vezes
  • A pontuação média é 6 de 17
Estatísticas das Respostas
Hint Resposta % Correto
2. Laranja
86%
3. Lima
86%
6. Lasanha
77%
1. Limão
71%
4. Leite
62%
8. Linguiça
50%
12. Lagosta
45%
17. Linguado
24%
10. Leite condensado
19%
16. Lentilhas
18%
7. Lulas
18%
5. Leitão
16%
15. Lebre
12%
14. Lagostim
10%
11. Leite de coco
8%
13. Lavagante
5%
9. Línguas de gato
0%
Nenhum quiz correspondente encontrado
Distribuição das Pontuações
Porcentagem de Pessoas com Cada Pontuação
Percentil de Números Respondidos
Sua Pontuação Histórica
Você não jogou esse quiz